|
|
|
|
| LEADER |
00931cam a2200241 7i4500 |
| 001 |
0000057279 |
| 005 |
20210129090000.0 |
| 020 |
|
|
|a 9789350258101 (electronic book)
|
| 090 |
0 |
0 |
|a RD37
|b .B37 2013
|
| 100 |
1 |
|
|a Bapat, Pramod Shrikrishna
|
| 245 |
0 |
0 |
|a Arriving at a surgical diagnosis
|c Pramod Shrikriskna Bapat.
|
| 250 |
|
|
|a First edition.
|
| 264 |
|
|
|a New Delhi:
|b Jaypee Brothers Medical Publishers,
|c 2013.
|
| 300 |
|
|
|a 1 online resource (1043 pages):
|b illustrations (color), text file, PDF.
|
| 336 |
|
|
|a text
|2 rdacontent
|
| 337 |
|
|
|a computer
|2 rdamedia
|
| 338 |
|
|
|a online resource
|2 rdacarrier
|
| 650 |
0 |
0 |
|a Diagnosis, Differential
|
| 650 |
0 |
0 |
|a Diagnostic Techniques, Surgical
|
| 655 |
0 |
0 |
|a Electronic books
|
| 856 |
4 |
2 |
|u http://library.unisel.edu.my/equip-unisel/custom/ebook_catalog/ebook/Arrivingatasurgicaldiagnosis.pdf
|
| 997 |
|
|
|a Health Sciences, Faculty
|
| 999 |
|
|
|a EBO0003581
|b EBOOK
|c EBOOK
|e Electronic resources
|